000 00564nam a22001697a 4500
003 OSt
005 20260203163427.0
008 260203b |||||||| |||| 00| 0 eng d
040 _cMRSPTU
041 _aENG
100 _aRajesh Kumar Jindal, Supervisor: Dr. Sanjiv Aggarwal
245 _aReasons for Schedule and Cost Overrun in Infrastructure and Govt. Resudential Projects
260 _b Department of Civil Engg. MRSPTU, Bathinda
_c2014
650 _aCivil Engineering
856 _uhttp://localhost:8080/xmlui/handle/123456789/1036
942 _2ddc
_cTH
_n0
999 _c10846
_d10846